000 00489nam a2200169Ia 4500
008 240729s9999 xx 000 0 und d
022 _a2090-195X
245 0 _aRadiology Research and Practice
260 _aUnited Kingdom
260 _bHindawi Limited
650 _a Medical physics. Medical radiology. Nuclear medicine
650 _a Medicine (General)
650 _aMedicine
856 _uhttps://doaj.org/toc/f0459da4223e47a8a414d0fa4cfb6508
942 _2ddc
942 _cDOAJEJ
999 _c71700
_d71700
945 _a1
_bMadushi Gamage
_c1
_dMadushi Gamage